Países com pirâmides - Statistics

Estatísticas Gerais
  • Esse quiz foi jogado 31 vezes
    12 desde o último reset
  • A pontuação média é 14 de 18
Estatísticas das Respostas
Continente País % Correto
África Egito
100%
Américas Guatemala
100%
Américas México
100%
Américas Estados Unidos
91%
África Argélia
82%
Américas Belize
82%
Ásia China
82%
Américas Honduras
82%
Américas Peru
82%
África Sudão
82%
Américas Bolívia
73%
Ásia Indonésia
73%
Ásia Irã
73%
Ásia Iraque
73%
Europa Espanha
64%
Europa Grécia
64%
Europa Itália
64%
Ásia Camboja
36%
Nenhum quiz correspondente encontrado
Distribuição das Pontuações
Porcentagem de Pessoas com Cada Pontuação
Percentil de Números Respondidos
Sua Pontuação Histórica
Você não jogou esse quiz desde o último reset